| 000 | 00637nac a22002051u 4500 | ||
|---|---|---|---|
| 010 | _a 95007106 | ||
| 020 | _a1558283900 | ||
| 082 | 0 | 0 |
_a005.265 _bHAL |
| 090 |
_c7290 _d7290 |
||
| 100 | _aHall, Devra. | ||
| 245 | 1 | 0 |
_aTeach yourself-- Delphi / _cby Devra Hall. |
| 250 | _a1st ed. | ||
| 260 |
_aNew York, NY : _bMIS:Press,1995 _c1995. |
||
| 300 |
_aix, 309 p. : _bill. ; _c24 cm. + _e1 computer disk (3 1/2 in.) |
||
| 500 | _aIncludes index. | ||
| 500 | _adistributer: Al-Ahram | ||
| 511 | _acatalogued by: wessam | ||
| 650 | 0 | _aWindows (Computer programs) | |
| 942 |
_cBB _k005.265HAL |
||
| 999 |
_c7290 _d7290 |
||